000 00569nam a22002537a 4500
003 UA-OsUOA
001 26518
007 ta
008 20040604b un ||||| |||| 00| 0 ukr d
100 _aКурчатов И.В.
090 _a539.1
_bК93
942 _cBK
040 _aUA-OsUOA
_brus
_cUA-OsUOA
_dUA-OsUOA
245 _aНейтронная физика
_b2
300 _a366 с.
955 _a0
041 _arus
080 _a539.1
260 _aМосква
_bНаука
_c1983
246 3 1 _aТ.
_n
044 _aRU
650 7 _2UDC
999 _c312843
_d312843